Elenca la formazione - Quiz n°127 - Statistics

Statistiche generali
  • Questo quiz è stato fatto 59 volte
  • Il punteggio medio è 8 su 11
Statistiche sulle risposte
Ruolo Nazione Calciatore % Corretto
Attaccante Brasile Roberto Firmino
98%
Attaccante Senegal Sadio Mané
98%
Portiere Belgio Simon Mignolet
92%
Difensore Camerun Joël Matip
91%
Difensore Croazia Dejan Lovren
85%
Centrocampista Paesi Bassi Georginio Wijnaldum
81%
Attaccante Brasile Philippe Coutinho
72%
Centrocampista Germania Emre Can
64%
Difensore Inghilterra Nathaniel Clyne
40%
Difensore Inghilterra James Milner
38%
Centrocampista Brasile Lucas Leiva
34%
Nessun quiz corrispondente trovato
Distribuzione punteggi
Percentuale di utenti per punteggio
Percentile per numero di risposta
I tuoi punteggi nel tempo
Non hai fatto questo quiz